Normal view
MARC view
- Mears, A. G.
Entry Personal Name
001 - CONTROL NUMBER
- control field: 7060
003 - CONTROL NUMBER IDENTIFIER
- control field: OSt
005 - DATE AND TIME OF LATEST TRANSACTION
- control field: 20170523105420.0
008 - FIXED-LENGTH DATA ELEMENTS
- fixed length control field: 170523|| aca||aabn | a|a d
040 ## - CATALOGING SOURCE
- Original cataloging agency: OSt
- Transcribing agency: OSt
100 ## - HEADING--PERSONAL NAME
- Personal name: Mears, A. G.
- Fuller form of name: (Alice Gertrude)
670 ## - SOURCE DATA FOUND
- Source citation: Work cat.: (OSt)0: Taylor, H. M. (Helen Margaret) 7057, The right way to conduct meetings, conferences and discussions, 1974

PORTAL AKMAL
E-MEL JKDM
AKMAL2U
G-BAM
u-PUSTAKA